000 00507nam a2200193Ia 4500
003 GCL
008 140319s9999 xx 000 0 ara d
040 _aGCL /
_cGCL
082 0 4 _aم
_b923.1
_bل ن
100 1 _aعادل زعيتر
245 1 0 _aنابليون /
_cعادل زعيتر
300 _a562
490 _a100 قصة
_v0
650 0 4 _aنابليون بونابرت
650 0 4 _aالقادة
650 0 4 _aالرجال - تراجم
650 0 4 _aفرنسا - تاريخ
942 _2ddc
_cBK
999 _c46396
_d46396